Lettres de l'alphabet galactique classique (minecraft) - Statistiques

Statistiques générales
  • Ce quiz a été pris 46 fois
  • Le résultat moyen est 15 sur 27
Statistiques - réponses
Par images Réponse % Correct
Q
70%
L
65%
S
65%
U
65%
B
61%
I
61%
K
61%
M
61%
T
61%
W
61%
Z
61%
E
57%
F
57%
H
57%
J
57%
R
57%
V
57%
C
52%
D
52%
G
52%
N
52%
P
52%
X
52%
A
48%
O
48%
Y
48%
POINT
9%
Aucun quiz correspondant
Distribution des résultats
% des personnes avec chaque résultat
Percentile par nombre de réponses
Votre historique - résultats
Vous n’avez pas pris ce quiz